[Event "Glenco Chess IM 2013"]
[Site "Fredericia"]
[Date "2013.05.04"]
[Round "7"]
[White "Fries Nielsen, Jens Ove"]
[Black "Lund, Silas"]
[Result "1-0"]
[WhiteElo "2375"]
[BlackElo "2406"]
[PlyCount "129"]
[EventDate "2013.??.??"]

1. Nc3 Nf6 2. f4 d5 3. d3 d4 4. Ne4 Nxe4 5. dxe4 e5 6. e3 Bb4+ 7. Bd2 Bxd2+ 8.
Qxd2 dxe3 9. Qxe3 exf4 10. Qxf4 O-O 11. Nf3 Be6 12. Bd3 c5 13. e5 c4 14. Bxc4
Qa5+ 15. c3 Bxc4 16. Qxc4 Nc6 17. O-O Nxe5 18. Nxe5 Qxe5 19. Rad1 Rac8 20. Qb3
Rc7 21. Rd5 Qe3+ 22. Kh1 g6 23. Rd4 Kg7 24. a4 f5 25. Qd5 Re8 26. Rb4 Qf2 27.
Qd1 Qe2 28. Qd4+ Re5 29. Kg1 b6 30. h3 Qe3+ 31. Qxe3 Rxe3 32. Rd1 Re2 33. Rd6
Rce7 34. Rd3 Rc2 35. b3 Kf6 36. Rbd4 Ree2 37. Rg3 Rcd2 38. Rc4 Rd1+ 39. Kh2 Rd7
40. b4 Ra2 41. Rc6+ Kg7 42. h4 f4 43. Rf3 Rdd2 44. Rc7+ Kh6 45. Rxf4 Rxg2+ 46.
Kh3 Rh2+ 47. Kg3 Rag2+ 48. Kf3 Rf2+ 49. Ke3 Rxf4 50. Kxf4 Rxh4+ 51. Ke5 a5 52.
b5 Rxa4 53. Rc6 Ra1 54. Rxb6 a4 55. Kd5 a3 56. Ra6 a2 57. Kc4 Kg5 58. Ra5 Kf4
59. Kb3 h5 60. Kb2 Re1 61. Kxa2 h4 62. b6 h3 63. b7 Re2+ 64. Ka3 Re8 65. Ra8
1-0

[Event "Glenco Chess IM 2013"]
[Site "Fredericia"]
[Date "2013.05.04"]
[Round "7"]
[White "Teplyi, Igor"]
[Black "Skaanning Pedersen, Kim Henrik"]
[Result "1/2-1/2"]
[WhiteElo "2413"]
[BlackElo "2256"]
[PlyCount "71"]
[EventDate "2013.??.??"]

1. d4 Nf6 2. Nf3 b6 3. g3 Bb7 4. Bg2 g6 5. O-O Bg7 6. Nbd2 O-O 7. Re1 c5 8.
dxc5 bxc5 9. e4 Nc6 10. c3 Qc7 11. Nb3 d6 12. Bf4 Nd7 13. Qc2 a5 14. Rad1 Rab8
15. Nbd2 Ba6 16. Bf1 Qb7 17. Bxa6 Qxa6 18. b3 a4 19. Nc4 axb3 20. axb3 Qb5 21.
Rb1 Rb7 22. h4 Ra8 23. h5 Rba7 24. h6 Ra2 25. Qd3 Bf6 26. Bg5 Na5 27. e5 dxe5
28. Red1 Nf8 29. Ncxe5 Qxd3 30. Nxd3 Bxg5 31. Nxg5 f6 32. Ne4 c4 33. bxc4 Nxc4
34. Nf4 Kf7 35. Rb7 R8a7 36. Rb8 1/2-1/2

[Event "Glenco Chess IM 2013"]
[Site "Fredericia"]
[Date "2013.05.04"]
[Round "7"]
[White "Westerinen, Heikki"]
[Black "Andersson, Bjorn"]
[Result "1-0"]
[WhiteElo "2335"]
[BlackElo "2277"]
[PlyCount "35"]
[EventDate "2013.??.??"]

1. e4 c5 2. Nf3 Nc6 3. Bb5 e6 4. O-O g6 5. c3 Bg7 6. d4 cxd4 7. cxd4 Qb6 8. Nc3
Nge7 9. d5 Bxc3 10. bxc3 Qxb5 11. dxc6 Nxc6 12. Qd6 f6 13. Ba3 Kf7 14. Rab1 Qa6
15. Nd4 Re8 16. Nb5 Na5 17. Qxa6 bxa6 18. Nd6+ 1-0

[Event "Glenco Chess IM 2013"]
[Site "Fredericia"]
[Date "2013.05.05"]
[Round "8"]
[White "Andersson, Bjorn"]
[Black "Haub, Thorsten Michael"]
[Result "1/2-1/2"]
[WhiteElo "2277"]
[BlackElo "2462"]
[PlyCount "42"]
[EventDate "2013.??.??"]

1. e4 g6 2. d4 Bg7 3. Nf3 d6 4. Nc3 a6 5. Be2 Nd7 6. Be3 e6 7. Qd2 h6 8. O-O
Ne7 9. Rad1 Nf6 10. Ne1 b5 11. Nd3 Rb8 12. f3 Kf8 13. a3 Kg8 14. f4 Bb7 15. Bf3
Nd7 16. g4 f5 17. Qg2 Nf6 18. gxf5 gxf5 19. e5 Nfd5 20. Nxd5 Nxd5 21. Kf2 Kf8
1/2-1/2

[Event "Glenco Chess IM 2013"]
[Site "Fredericia"]
[Date "2013.05.05"]
[Round "8"]
[White "Bank Friis, Carsten"]
[Black "Aabling Thomsen, Jakob"]
[Result "1/2-1/2"]
[WhiteElo "2271"]
[BlackElo "2301"]
[PlyCount "82"]
[EventDate "2013.??.??"]

1. d4 d6 2. Nf3 g6 3. c3 Nf6 4. Bf4 Bg7 5. Qc1 h6 6. h3 b6 7. Nbd2 Bb7 8. e3
Nbd7 9. Qc2 c5 10. Bd3 Rc8 11. Bh2 Rc7 12. O-O Qa8 13. Rfe1 O-O 14. Rad1 Re8
15. Qb1 Rcc8 16. e4 cxd4 17. cxd4 e5 18. dxe5 Nxe5 19. Nxe5 dxe5 20. Nc4 Qb8
21. Bf1 Bf8 22. a3 b5 23. Na5 Ba8 24. b4 a6 25. f3 Nh5 26. Qb2 Nf4 27. Rd7 Red8
28. Red1 Rxd7 29. Rxd7 Qb6+ 30. Kh1 Qe3 31. Bg1 Qc1 32. Qxe5 Bg7 33. Qe7 Rf8
34. Qd6 Nh5 35. Bd3 Qe1 36. Kh2 Re8 37. Bd4 Bxd4 38. Qxd4 Qg3+ 39. Kh1 Nf4 40.
Bf1 Qe1 41. Qd1 Qh4 1/2-1/2

[Event "Glenco Chess IM 2013"]
[Site "Fredericia"]
[Date "2013.05.05"]
[Round "8"]
[White "Skaanning Pedersen, Kim Henrik"]
[Black "Westerinen, Heikki"]
[Result "1/2-1/2"]
[WhiteElo "2256"]
[BlackElo "2335"]
[PlyCount "21"]
[EventDate "2013.??.??"]

1. d4 d5 2. c4 dxc4 3. Nf3 a6 4. a4 Nc6 5. e3 Na5 6. Nbd2 e6 7. Nxc4 Nxc4 8.
Bxc4 Nf6 9. O-O c5 10. dxc5 Bxc5 11. Qxd8+ 1/2-1/2

[Event "Glenco Chess IM 2013"]
[Site "Fredericia"]
[Date "2013.05.05"]
[Round "9"]
[White "Aabling Thomsen, Jakob"]
[Black "Andersson, Bjorn"]
[Result "1-0"]
[WhiteElo "2301"]
[BlackElo "2277"]
[PlyCount "79"]
[EventDate "2013.??.??"]

1. c4 c5 2. Nc3 Nc6 3. g3 d6 4. Bg2 g6 5. Nf3 Bg7 6. O-O Bd7 7. b3 Qc8 8. Re1
Bh3 9. Bh1 h5 10. Bb2 h4 11. Qc1 hxg3 12. fxg3 Bg4 13. Nd5 e5 14. Rf1 Qd7 15.
a3 Bxf3 16. Bxf3 f5 17. e4 Nf6 18. d3 O-O-O 19. b4 Rdf8 20. bxc5 dxc5 21. Rb1
Bh6 22. Qc2 f4 23. Qe2 Kb8 24. gxf4 Nd4 25. Bxd4 cxd4 26. fxe5 Nxd5 27. exd5
Bf4 28. Rf2 Be3 29. Rbf1 Rxh2 30. Kxh2 Rh8+ 31. Kg1 Qh3 32. Rb1 Rf8 33. Bg2 Qg3
34. Rbf1 Rh8 35. Re1 Rf8 36. Qxe3 dxe3 37. Rxf8+ Kc7 38. d6+ Kb6 39. Re2 Qg4
40. Rf3 1-0

[Event "Glenco Chess IM 2013"]
[Site "Fredericia"]
[Date "2013.05.05"]
[Round "9"]
[White "Teplyi, Igor"]
[Black "Pavlovic, Milos"]
[Result "1/2-1/2"]
[WhiteElo "2413"]
[BlackElo "2504"]
[PlyCount "55"]
[EventDate "2013.??.??"]

1. d4 Nf6 2. c4 e6 3. Nf3 c5 4. d5 d6 5. Nc3 exd5 6. cxd5 g6 7. h3 Bg7 8. e4 a6
9. Bd3 b5 10. O-O O-O 11. Bf4 Re8 12. Re1 Bb7 13. a3 Nh5 14. Bg5 Qc7 15. Rc1
Nd7 16. b4 Rac8 17. Be3 Qd8 18. Qd2 Nhf6 19. Bg5 Qe7 20. Bh6 Bh8 21. Kh1 cxb4
22. axb4 Nb6 23. Nb1 Rxc1 24. Qxc1 Rc8 25. Qe3 Nfd7 26. Rc1 Qe8 27. Bf4 Qe7 28.
Rxc8+ 1/2-1/2

[Event "Glenco Chess IM 2013"]
[Site "Fredericia"]
[Date "2013.05.05"]
[Round "9"]
[White "Haub, Thorsten Michael"]
[Black "Skaanning Pedersen, Kim Henrik"]
[Result "1-0"]
[WhiteElo "2462"]
[BlackElo "2256"]
[PlyCount "89"]
[EventDate "2013.??.??"]

1. g3 Nf6 2. Bg2 d5 3. d3 g6 4. Nd2 c5 5. e4 Nc6 6. Ngf3 Bg7 7. O-O O-O 8. c3
e6 9. Re1 b6 10. a3 Bb7 11. e5 Nd7 12. d4 f6 13. exf6 Qxf6 14. Nb3 c4 15. Bg5
Qf5 16. Nbd2 e5 17. Be3 h6 18. b3 cxb3 19. Qxb3 Na5 20. Qa2 Kh7 21. dxe5 Nxe5
22. Bd4 Rae8 23. Nxe5 Bxe5 24. Nf3 Bxd4 25. Nxd4 Qf7 26. Bh3 Bc8 27. Bxc8 Rxc8
28. Ne6 Rfe8 29. Qxd5 Re7 30. Nf4 Rxc3 31. Qd4 Rc4 32. Rxe7 Qxe7 33. Qh8+ Kxh8
34. Nxg6+ Kh7 35. Nxe7 Ra4 36. Rd1 Nc4 37. Rd7 a6 38. f4 Rxa3 39. f5 Ne5 40.
Rb7 Nf3+ 41. Kg2 Ng5 42. Ng6+ Kg8 43. f6 Ra2+ 44. Kf1 b5 45. Rg7# 1-0

[Event "Glenco Chess IM 2013"]
[Site "Fredericia"]
[Date "2013.05.05"]
[Round "9"]
[White "Fries Nielsen, Jens Ove"]
[Black "Bank Friis, Carsten"]
[Result "1-0"]
[WhiteElo "2375"]
[BlackElo "2271"]
[PlyCount "109"]
[EventDate "2013.??.??"]

1. d4 d5 2. Nc3 Nf6 3. Bf4 Bf5 4. f3 h6 5. e4 dxe4 6. Qe2 c6 7. fxe4 Bg4 8. Qd2
e6 9. a3 Qa5 10. Bd3 Nbd7 11. h3 Bh5 12. g4 Bg6 13. O-O-O O-O-O 14. Kb1 e5 15.
Bh2 Qc7 16. Nf3 Bd6 17. d5 Nc5 18. Rhe1 Rhe8 19. dxc6 bxc6 20. Qe3 Nfd7 21. b4
Nxd3 22. cxd3 Kb7 23. Nd2 f6 24. Bg1 Qb8 25. Nc4 Bc7 26. Na4 Bf7 27. Rc1 Bxc4
28. Rxc4 Bb6 29. Qe2 Qd6 30. Qc2 Nf8 31. Nxb6 axb6 32. Rc1 Re6 33. Rc3 Ng6 34.
Qf2 Qc7 35. Qa2 Red6 36. a4 Ra8 37. a5 Nf4 38. Qc2 b5 39. Bc5 Re6 40. Bb6 Qd6
41. Bc5 Qd7 42. h4 Ree8 43. Bb6 Rec8 44. Be3 Ne6 45. Ra3 Nd4 46. Qc5 Ra6 47.
Bxd4 exd4 48. g5 hxg5 49. hxg5 Re8 50. gxf6 gxf6 51. Rg1 Qh3 52. Qxd4 Ka8 53.
Rc3 Qe6 54. Rf1 c5 55. Qxc5 1-0